Open Data Biblioteca Nacional de Portugal


República Portuguesa: Ministério da Cultura
Biblioteca Nacional de Portugal

Catálogo da BNP: acesso por Identificadores Unívocos
Registos Bibliográficos associados ao registo de autoridade

Etiqueta de registo: 00000nkm 2200025 450
001 2279590
003 http://id.bnportugal.gov.pt/bib/catbnp/2279590
100 ## $a20260312d1988 m y0pory01030103ba
101 0# $apor
102 ## $aPT
200 1# $aJazz na cidade, Lisboa, locais: Teatro M. S. Luís - pavilhão, C. F. Os Belenenses - coreto Jardim da Estrela, 24.25.26.27.28.29 maio 88$bVisual gráfico]$fPelouro da Cultura, Câmara Municipal Lisboa$gIlustração: Armando Calado$gSupervisão e Concepção: CC&S
210 #9 $aLisboa$cPelouro da Cultura, Câmara Municipal Lisboa,$d1988$e[S.l.] :$gIAG - Artes Gráficas, Lda.)
215 ## $a1 cartaz$ccolor.$d69x48,5 cm
317 ## $aColeção Madeira Luís
702 #1 $aCalado,$bArmando$3973028
710 01 $aLisboa.$bCâmara Municipal$312676
712 02 $aCC & S$4410$31990964
801 #0 $aPT$bBN$gRPC
966 ## $lBN$mICONOG$sCT. 24480 A.$x3
971 ## $cCaticonografia1$d20260312
995 ## $aPRR2026

OpendataBNP@bnportugal.pt | Mais informação sobre acesso aos dados BNP